000 00569nam a2200217Ia 4500
003 OSt
005 20220928140354.0
006 a|||||r|||| 00| 0
007 ta
008 220927b |||||||| |||| 00| 0 eng d
024 _a8020
037 _cTextual
040 _aSDCL
_cSDCL
_beng
041 _2eng
_aeng
082 _aB28, N4.1.-V2
100 _aKendall Maurice George
_9494923
245 0 _aKendall's advanced theory of statistics .
260 _c1994
942 _hB28, N4.1.-V2
_cTEXL
_2CC
999 _c811020
_d811020